[Event "OLNN 2223 Lübecker SV - FC St. Pauli I"]
[Site "?"]
[Date "2022.10.23"]
[Round "1.1"]
[White "Mueller, Fabian"]
[Black "Kalinitschew, Sergey"]
[Result "0-1"]
[WhiteElo "2343"]
[BlackElo "2398"]
[PlyCount "130"]
[EventDate "2022.??.??"]

1. e4 c5 2. Nf3 Nc6 3. d4 cxd4 4. Nxd4 e5 5. Nb5 d6 6. N1c3 a6 7. Na3 Be6 8. Nc4 b5 9. Ne3 Nf6 10. Bd3 Be7 11. O-O O-O 12. a4 Nb4 13. Be2 Rb8 14. axb5 axb5 15. Bd2 d5 16. exd5 Bd7 17. Ra3 Bc5 18. Rb3 Qe7 19. Qc1 Rfc8 20. Rd1 Bd6 21. Be1 Qe8 22. Qd2 Na6 23. Ra1 Nc5 24. Rb4 e4 25. g3 Na4 26. Rb3 b4 27. Na2 Bc5 28. Nxb4 Bxe3 29. Qxe3 Nb6 30. Qd4 Ba4 31. Rc3 Rd8 32. Rc5 Bd7 33. c4 e3 34. f3 Qe7 35. Bc3 Na4 36. Nc6 Bxc6 37. Rxc6 Nxc3 38. Qxc3 Rb7 39. Ra3 Re8 40. Kg2 h5 41. Rca6 h4 42. Ra8 Nh5 43. Qd4 hxg3 44. hxg3 Rbb8 45. Rxb8 Rxb8 46. Rxe3 Qb4 47. d6 Nf6 48. Kf2 Rd8 49. Rd3 Nd7 50. Qc3 Qc5+ 51. Qd4 Qh5 52. Qh4 Qc5+ 53. Kg2 Re8 54. Kf1 Qa5 55. Rd1 Qc5 56. Bd3 g6 57. Qf4 Re5 58. Re1 Rh5 59. Re8+ Kg7 60. Kg2 Ne5 61. Rxe5 Rxe5 62. d7 Re1 63. Bf1 Rd1 64. b4 Qxb4 65. Qe5+ Kh7 0-1

[Event "OLNN 2223 Lübecker SV - FC St. Pauli I"]
[Site "?"]
[Date "2022.10.23"]
[Round "1.2"]
[White "Schmidt, Harald"]
[Black "Voigt, Martin"]
[Result "1/2-1/2"]
[WhiteElo "2340"]
[BlackElo "2319"]
[PlyCount "113"]
[EventDate "2022.??.??"]

1. Nf3 d5 2. g3 Nc6 3. Bg2 e5 4. d3 Be6 5. O-O Qd7 6. Ng5 Bf5 7. c3 f6 8. e4 dxe4 9. dxe4 Qxd1 10. Rxd1 Bg4 11. Nf3 Bc5 12. Nbd2 a5 13. Nc4 Be6 14. Be3 Bxe3 15. Nxe3 Nge7 16. Bf1 Kf7 17. Bc4 Rhd8 18. Kf1 Rxd1+ 19. Rxd1 Rd8 20. Rxd8 Nxd8 21. Ke2 Nc8 22. Kd3 Nd6 23. Bxe6+ Nxe6 24. b4 axb4 25. cxb4 b5 26. Nd2 g5 27. Nb3 h5 28. f3 c6 29. Nf5 Nxf5 30. exf5 Nd8 31. h4 gxh4 32. gxh4 Ke7 33. Nc5 Nf7 34. Ne4 Nd6 35. Ng3 Kf7 36. Kc3 Ke7 37. Kd2 Nc4+ 38. Kd3 Nd6 39. Kc3 Kf7 40. Kb3 Ke7 41. a4 bxa4+ 42. Kxa4 Kd8 43. Ka5 Nc4+ 44. Ka6 Nd2 45. Kb6 Nxf3 46. Kxc6 Nxh4 47. b5 Nf3 48. Nxh5 e4 49. Ng3 e3 50. Kd5 Nd2 51. Ne2 Kc7 52. Kd4 Nf1 53. Kc5 Nh2 54. Nf4 Ng4 55. b6+ Kb7 56. Kb5 Nh6 57. Kc4 1/2-1/2

[Event "OLNN 2223 Lübecker SV - FC St. Pauli I"]
[Site "?"]
[Date "2022.10.23"]
[Round "1.3"]
[White "Trisic, Aleksandar"]
[Black "Bornholdt, Joa Max"]
[Result "0-1"]
[WhiteElo "2293"]
[BlackElo "2196"]
[PlyCount "76"]
[EventDate "2022.??.??"]

1. d4 d5 2. c4 e6 3. Nc3 Nf6 4. cxd5 exd5 5. Bg5 c6 6. e3 h6 7. Bh4 Bd6 8. Bd3 O-O 9. Nge2 Re8 10. h3 a5 11. O-O Na6 12. Rc1 Nc7 13. Qd2 Ne6 14. f3 Ng5 15. e4 Nfxe4 16. fxe4 Nxh3+ 17. gxh3 Qxh4 18. e5 Rxe5 19. Bh7+ Kxh7 20. Qd3+ Re4 21. Rxf7 Bxh3 22. Nxe4 dxe4 23. Qe3 Qg4+ 24. Kf2 Qg6 25. Rxg7+ Qxg7 26. Qxh3 Rf8+ 27. Ke1 Bb4+ 28. Kd1 Rf3 29. Qh5 Qg5 30. Qxg5 hxg5 31. Kc2 Rf2 32. Rh1+ Kg6 33. Kd1 g4 34. a3 Bd6 35. Ke1 Rf3 36. Nc3 Bxa3 37. Ke2 Bxb2 38. Nxe4 Bxd4 0-1

[Event "OLNN 2223 Lübecker SV - FC St. Pauli I"]
[Site "?"]
[Date "2022.10.23"]
[Round "1.4"]
[White "Christ, Ralf"]
[Black "Jahncke, Giso"]
[Result "1/2-1/2"]
[WhiteElo "2256"]
[BlackElo "2275"]
[PlyCount "44"]
[EventDate "2022.??.??"]

1. e4 c5 2. Nf3 d6 3. d4 cxd4 4. Nxd4 Nf6 5. Nc3 Nc6 6. Be2 e5 7. Nb3 Be7 8. O-O O-O 9. Be3 a5 10. a4 Nb4 11. f4 Be6 12. Rf2 Qc8 13. f5 Bc4 14. g4 d5 15. g5 d4 16. gxf6 dxe3 17. Rf3 Bxf6 18. Bxc4 Qxc4 19. Rxe3 Bg5 20. Rg3 Bf4 21. Rg2 Kh8 22. Qe2 Qxe2 1/2-1/2

[Event "OLNN 2223 Lübecker SV - FC St. Pauli I"]
[Site "?"]
[Date "2022.10.23"]
[Round "1.5"]
[White "Breyther, Ruediger"]
[Black "Krause, Ullrich"]
[Result "1-0"]
[WhiteElo "2247"]
[BlackElo "2200"]
[PlyCount "97"]
[EventDate "2022.??.??"]

1. e4 e6 2. d4 d5 3. Nd2 Nf6 4. e5 Nfd7 5. Bd3 c5 6. c3 Nc6 7. Ne2 cxd4 8. cxd4 Nb6 9. O-O Bd7 10. Nf3 Be7 11. Nf4 g6 12. Re1 a5 13. a3 a4 14. Bc2 Na5 15. Nd3 Nac4 16. Bh6 Bc6 17. h3 Nd7 18. Rb1 Qb6 19. Qc1 Bf8 20. Bxf8 Kxf8 21. Qh6+ Kg8 22. Nf4 Qd8 23. Red1 Qf8 24. Qg5 h6 25. Qg3 Qg7 26. h4 Re8 27. Nh2 Kf8 28. Ng4 Ke7 29. Qc3 Kd8 30. Ne3 Ndb6 31. Bd3 Kc7 32. Bxc4 Nxc4 33. Nxc4 dxc4 34. Qxc4 Kb8 35. Nd3 g5 36. h5 g4 37. Nb4 Bf3 38. Rdc1 Rc8 39. Qb5 Qg5 40. Na6+ Ka7 41. Nc7 Rxc7 42. Qa5+ Kb8 43. Qxc7+ Ka8 44. Rc4 Be2 45. Rxa4+ Ba6 46. g3 Qxh5 47. Rc1 Qf5 48. Rxa6+ bxa6 49. Qb6 1-0

[Event "OLNN 2223 Lübecker SV - FC St. Pauli I"]
[Site "?"]
[Date "2022.10.23"]
[Round "1.6"]
[White "Ehrke, Michael"]
[Black "Priebe, Jan"]
[Result "0-1"]
[WhiteElo "2181"]
[BlackElo "2216"]
[PlyCount "128"]
[EventDate "2022.??.??"]

1. d4 Nf6 2. Bf4 g6 3. e3 Bg7 4. h3 c5 5. c3 b6 6. Nf3 Bb7 7. Nbd2 O-O 8. Be2 d5 9. O-O Nc6 10. Ne5 Nd7 11. Nxc6 Bxc6 12. Nf3 e6 13. b4 Qe7 14. Rc1 e5 15. dxe5 Nxe5 16. Nxe5 Bxe5 17. Bxe5 Qxe5 18. bxc5 bxc5 19. Bf3 Rfd8 20. Qb3 Qc7 21. Rfd1 Rab8 22. Qa3 Rb5 23. c4 Ra5 24. Qb2 d4 25. Bxc6 Qxc6 26. exd4 cxd4 27. Rxd4 Rxd4 28. Qxd4 Rxa2 29. Qe5 Qe6 30. Qd4 Ra6 31. c5 Rc6 32. Rc3 h5 33. Re3 Qf6 34. Re8+ Kg7 35. Qd5 Ra6 36. g3 Qc6 37. Qe5+ Qf6 38. Qd5 Ra1+ 39. Kg2 Rc1 40. Re3 Qa1 41. Qe5+ Qxe5 42. Rxe5 Kf6 43. f4 Rc4 44. Kf3 a5 45. g4 Rc3+ 46. Ke4 Rxh3 47. g5+ Kg7 48. c6 Rc3 49. Kd5 a4 50. Kd6 a3 51. c7 h4 52. Re3 Rxe3 53. c8=Q a2 54. Qc1 Re6+ 55. Kd5 Ra6 56. Qa1+ Kg8 57. Ke4 Ra3 58. f5 gxf5+ 59. Kxf5 h3 60. g6 fxg6+ 61. Kxg6 Ra6+ 62. Kf5 h2 63. Qe5 a1=Q 64. Qd5+ Kh7 0-1

[Event "OLNN 2223 Lübecker SV - FC St. Pauli I"]
[Site "?"]
[Date "2022.10.23"]
[Round "1.8"]
[White "Bosselmann, Tom Linus"]
[Black "Schleicher, Guido"]
[Result "1/2-1/2"]
[WhiteElo "2061"]
[BlackElo "2205"]
[PlyCount "61"]
[EventDate "2022.??.??"]

1. e4 c6 2. Nc3 d5 3. Nf3 Bg4 4. h3 Bxf3 5. Qxf3 e6 6. d3 Nd7 7. Bd2 Ngf6 8. g4 h6 9. Qg3 dxe4 10. dxe4 Nc5 11. Bg2 Qb6 12. O-O-O O-O-O 13. f4 Be7 14. h4 h5 15. g5 Ng4 16. Rhf1 f5 17. Kb1 Rd7 18. Bc1 Rhd8 19. Rxd7 Rxd7 20. Rd1 Rxd1 21. Nxd1 Nxe4 22. Bxe4 fxe4 23. Ne3 Nxe3 24. Qxe3 Qxe3 25. Bxe3 c5 26. Kc1 g6 27. Kd2 Bd6 28. Ke2 Kd7 29. Bd2 e5 30. Ke3 exf4+ 31. Kxe4 1/2-1/2

[Event "OLNN 2223 SK Johanneum Eppendorf - Pree"]
[Site "?"]
[Date "2022.10.23"]
[Round "1.1"]
[White "Vinter-Schou, Uffe"]
[Black "Zart, Ruediger"]
[Result "1/2-1/2"]
[WhiteElo "2382"]
[BlackElo "2142"]
[PlyCount "136"]
[EventDate "2022.??.??"]

1. e4 c6 2. d4 d5 3. exd5 cxd5 4. Bd3 Nc6 5. c3 Nf6 6. h3 g6 7. Nf3 Bg7 8. O-O Bf5 9. Be2 O-O 10. Bf4 Re8 11. Nbd2 Ne4 12. Re1 Qb6 13. Qb3 Nxd2 14. Nxd2 Qxb3 15. axb3 a6 16. g4 Bd7 17. Bf3 e6 18. b4 Bxd4 19. cxd4 Nxb4 20. Be5 Nd3 21. Nb3 Nxe1 22. Rxe1 Bb5 23. Be2 Bxe2 24. Rxe2 b6 25. Nc1 Rec8 26. Nd3 Rc4 27. h4 Rac8 28. h5 Rc2 29. Re3 g5 30. h6 Rd2 31. Bf6 Rc4 32. Kg2 a5 33. Ne1 Rdxd4 34. Bxd4 Rxd4 35. Kg3 Rb4 36. Re5 f6 37. Rxe6 Kf7 38. Re2 Kg6 39. Nf3 Kxh6 40. Rd2 Kg6 41. Nd4 h5 42. f3 hxg4 43. fxg4 Kf7 44. Kf3 Ke8 45. Ke3 Kd7 46. Rf2 a4 47. Kd3 Ke8 48. Re2+ Kd7 49. Rc2 Ke8 50. Rc8+ Kd7 51. Rd8+ Kc7 52. Rxd5 Rxb2 53. Nc2 Rb3+ 54. Kc4 b5+ 55. Rxb5 Rxb5 56. Kxb5 Kd6 57. Kxa4 Ke5 58. Ne3 Kf4 59. Nd5+ Kxg4 60. Nxf6+ Kf5 61. Nd5 Ke5 62. Ne3 Kf4 63. Nd5+ Kf3 64. Nf6 Kf4 65. Kb3 Kf5 66. Nd5 g4 67. Ne3+ Kf4 68. Nxg4 Kxg4 1/2-1/2

[Event "OLNN 2223 SK Johanneum Eppendorf - Pree"]
[Site "?"]
[Date "2022.10.23"]
[Round "1.2"]
[White "Keyser, Robin"]
[Black "Pedersen, Steffen"]
[Result "1/2-1/2"]
[WhiteElo "2107"]
[BlackElo "2348"]
[PlyCount "53"]
[EventDate "2022.??.??"]

1. d4 Nf6 2. c4 e6 3. g3 d5 4. Nf3 dxc4 5. Bg2 c5 6. O-O Nc6 7. dxc5 Qxd1 8. Rxd1 Bxc5 9. Nbd2 c3 10. bxc3 O-O 11. Ne1 Rd8 12. Nd3 Bf8 13. Nb3 Nd5 14. Bd2 b6 15. c4 Nde7 16. c5 Ba6 17. Nb4 Nxb4 18. Bxa8 Nc2 19. Bf3 Nxa1 20. Rxa1 bxc5 21. Be3 c4 22. Nc5 Bb5 23. a4 Be8 24. Nb7 Rd7 25. Nc5 Rd8 26. Nb7 Rd7 27. Nc5 1/2-1/2

[Event "OLNN 2223 SK Johanneum Eppendorf - Pree"]
[Site "?"]
[Date "2022.10.23"]
[Round "1.3"]
[White "Moeller, Dustin"]
[Black "Schroeder, Christoph"]
[Result "1/2-1/2"]
[WhiteElo "2239"]
[BlackElo "2117"]
[PlyCount "38"]
[EventDate "2022.??.??"]

1. d4 Nf6 2. c4 e6 3. Nf3 d5 4. Nc3 Be7 5. Bf4 O-O 6. e3 b6 7. Bd3 c5 8. O-O dxc4 9. Bxc4 cxd4 10. exd4 Bb7 11. Qe2 Nd5 12. Bg3 Nxc3 13. bxc3 Nc6 14. Bd3 Bf6 15. Rfe1 Rc8 16. Nd2 Na5 17. Ne4 Be7 18. Rac1 Qd5 19. f3 Nc4 1/2-1/2

[Event "OLNN 2223 SK Johanneum Eppendorf - Pree"]
[Site "?"]
[Date "2022.10.23"]
[Round "1.4"]
[White "Wirthgen, Peter"]
[Black "Schwarz, Frank"]
[Result "1-0"]
[WhiteElo "2104"]
[BlackElo "2218"]
[PlyCount "79"]
[EventDate "2022.??.??"]

1. d4 Nf6 2. c4 e6 3. Nc3 d5 4. cxd5 exd5 5. Bg5 c6 6. e3 Be7 7. Bd3 Nbd7 8. Nf3 O-O 9. Qc2 Re8 10. h3 h6 11. Bf4 Nf8 12. Ne5 Ne6 13. Bh2 c5 14. dxc5 d4 15. exd4 Nxd4 16. Qa4 Bxc5 17. O-O Be6 18. Nb5 Qb6 19. b4 Be7 20. Rfd1 Red8 21. Nxd4 Rxd4 22. a3 Rad8 23. Qc2 Bd5 24. Be2 Be4 25. Qb3 Bd5 26. Qc2 Rxd1+ 27. Rxd1 a5 28. Nc4 Qc6 29. Ne3 axb4 30. axb4 Bxb4 31. Be5 Be7 32. Qf5 Be6 33. Rxd8+ Bxd8 34. Qb1 b6 35. Qb2 Ne8 36. Bb5 Qc5 37. Bxe8 Bg5 38. Bd4 Qc8 39. Bb5 f6 40. Bxb6 1-0

[Event "OLNN 2223 SK Johanneum Eppendorf - Pree"]
[Site "?"]
[Date "2022.10.23"]
[Round "1.5"]
[White "Skaanning-Pedersen, Kim Henrik"]
[Black "Johannsen, Dennis"]
[Result "1-0"]
[WhiteElo "2248"]
[BlackElo "2111"]
[PlyCount "151"]
[EventDate "2022.??.??"]

1. e4 c6 2. d4 d5 3. f3 e6 4. Be3 Nf6 5. e5 Nfd7 6. c3 c5 7. f4 Nc6 8. Nf3 Be7 9. Bd3 cxd4 10. cxd4 Nb4 11. Be2 Nb6 12. Nbd2 Bd7 13. a3 Na6 14. O-O Rc8 15. Bd3 Nc4 16. Nxc4 dxc4 17. Bc2 Nc7 18. Qe1 Nd5 19. Bd2 Qb6 20. Rb1 g6 21. Qg3 Qa6 22. Ng5 Ba4 23. Be4 Bc6 24. Bc2 b5 25. Rbd1 Qb6 26. Bc1 a5 27. Qh3 Bd7 28. g4 c3 29. b3 b4 30. a4 Bxg5 31. fxg5 Bxa4 32. Qf3 Rc7 33. bxa4 b3 34. Bxb3 Qxb3 35. Qh3 Qb4 36. Qh6 Qf8 37. Qh3 Rc4 38. Qd3 Qb4 39. Ba3 Qxa4 40. Bc5 c2 41. Rc1 Rxc5 42. dxc5 Qxg4+ 43. Kh1 O-O 44. Rxc2 Nb4 45. Qe2 Qxg5 46. Rcc1 Rc8 47. Qf3 Qe7 48. Qe3 Qb7+ 49. Kg1 Rd8 50. Rfd1 Rd5 51. Rxd5 Qxd5 52. h3 Nc6 53. Re1 Kg7 54. Kf2 a4 55. Qc3 Kf8 56. Re2 Ke7 57. Qe3 Qd4 58. Kf3 Qxe3+ 59. Rxe3 f6 60. exf6+ Kxf6 61. Ke4 g5 62. Ra3 h5 63. Rxa4 Ne5 64. Ra6 Nd7 65. Kd4 Ke7 66. c6 Nf6 67. Kc5 Ne4+ 68. Kb6 g4 69. hxg4 hxg4 70. Ra4 Nf6 71. c7 Nd5+ 72. Kc6 Kf6 73. Rxg4 Kf5 74. Rg7 Nxc7 75. Rxc7 e5 76. Kd5 1-0

[Event "OLNN 2223 SK Johanneum Eppendorf - Pree"]
[Site "?"]
[Date "2022.10.23"]
[Round "1.6"]
[White "Ahmels, Volker"]
[Black "Skibbe, Willi"]
[Result "1/2-1/2"]
[WhiteElo "2169"]
[BlackElo "2191"]
[PlyCount "63"]
[EventDate "2022.??.??"]

1. e4 e5 2. Bc4 Nf6 3. d3 Nc6 4. Nf3 Bc5 5. c3 d6 6. b4 Bb6 7. Bg5 h6 8. Bh4 g5 9. Bg3 Ne7 10. Nbd2 Ng6 11. Qb3 O-O 12. h4 g4 13. h5 Nf4 14. Nh4 N4xh5 15. O-O-O Kg7 16. d4 Nxg3 17. fxg3 exd4 18. cxd4 Bxd4 19. Nf1 Bb6 20. Ne3 Bxe3+ 21. Qxe3 Ng8 22. Rd5 f5 23. exf5 Qg5 24. f6+ Qxf6 25. Rf1 Qa1+ 26. Kc2 Rxf1 27. Rg5+ hxg5 28. Qxg5+ Kf8 29. Qd8+ Kg7 30. Qg5+ Kf8 31. Qd8+ Kg7 32. Qg5+ 1/2-1/2

[Event "OLNN 2223 SK Johanneum Eppendorf - Pree"]
[Site "?"]
[Date "2022.10.23"]
[Round "1.7"]
[White "Willsch, Matthias"]
[Black "Schueler, Hendrik"]
[Result "1/2-1/2"]
[WhiteElo "2111"]
[BlackElo "2066"]
[PlyCount "62"]
[EventDate "2022.??.??"]

1. d4 d5 2. Nf3 c5 3. c4 cxd4 4. cxd5 Nf6 5. Qxd4 Qxd5 6. Nc3 Qxd4 7. Nxd4 a6 8. Bg5 Nbd7 9. e4 e6 10. f3 Bc5 11. Be3 O-O 12. Be2 e5 13. Nf5 Bxe3 14. Nxe3 Nc5 15. Nc4 Re8 16. Nb6 Rb8 17. Rc1 Be6 18. O-O Ncd7 19. Nc4 Bxc4 20. Bxc4 Rbc8 21. Nd5 Kf8 22. Rfd1 b5 23. Bb3 Nc5 24. Nxf6 gxf6 25. Bd5 Ke7 26. Rc2 Ne6 27. Rdc1 Rxc2 28. Rxc2 Rd8 29. Kf2 Rd7 30. Rc8 Nf4 31. Ra8 Nxd5 1/2-1/2

[Event "OLNN 2223 SK Johanneum Eppendorf - Pree"]
[Site "?"]
[Date "2022.10.23"]
[Round "1.8"]
[White "Keyser, Philipp"]
[Black "Schwarzat, Julian"]
[Result "1/2-1/2"]
[WhiteElo "2039"]
[BlackElo "2130"]
[PlyCount "67"]
[EventDate "2022.??.??"]

1. e4 e6 2. d4 d5 3. Nd2 Be7 4. Ngf3 Nf6 5. e5 Nfd7 6. c3 c5 7. Bd3 Nc6 8. Nf1 Qb6 9. dxc5 Bxc5 10. Qe2 f6 11. exf6 Nxf6 12. Ng3 O-O 13. O-O e5 14. Nxe5 Re8 15. b4 Nxe5 16. bxc5 Qxc5 17. Bb5 Bg4 18. Qb2 Bd7 19. Bxd7 Nfxd7 20. Be3 Qc6 21. Bd4 Nc4 22. Qc2 Nc5 23. Nf5 Ne6 24. Rad1 Nxd4 25. Nxd4 Qd7 26. Nf3 Rac8 27. Qd3 Rcd8 28. Rde1 g6 29. Qd4 b6 30. h3 Qf5 31. Nh4 Qf7 32. Nf3 Qf5 33. Nh4 Qf7 34. Nf3 1/2-1/2

[Event "OLNN 2223 FC St. Pauli II - SK Johanneu"]
[Site "?"]
[Date "2022.11.27"]
[Round "2.1"]
[White "Wedberg, Tom"]
[Black "Voigt, Martin"]
[Result "1/2-1/2"]
[WhiteElo "2387"]
[BlackElo "2320"]
[PlyCount "90"]
[EventDate "2022.??.??"]

1. e4 c6 2. d4 d5 3. e5 c5 4. dxc5 e6 5. a3 Bxc5 6. b4 Bb6 7. Nf3 Ne7 8. Bd3 a5 9. b5 a4 10. O-O Nd7 11. Bb2 Nc5 12. Nc3 Bd7 13. Rb1 Ng6 14. Re1 Nh4 15. Ba1 O-O 16. Rb4 Nxf3+ 17. Qxf3 f5 18. Rf1 Qc7 19. Rh4 Rf7 20. Qh3 h6 21. Ne2 Ne4 22. c4 Nd2 23. Rc1 Nb3 24. Rb1 Nxa1 25. Rxa1 Qxe5 26. Rf1 dxc4 27. Rxc4 Qd6 28. Rc3 Ba5 29. Rcc1 Rc8 30. Bc4 Kh7 31. Qd3 Bc7 32. g3 Qxd3 33. Bxd3 Bd6 34. Rxc8 Bxc8 35. Nc3 Rc7 36. Nxa4 Bxa3 37. Nb6 Bc5 38. Nxc8 Rxc8 39. Re1 Rd8 40. Bc4 Rd2 41. Re2 Rxe2 42. Bxe2 e5 43. h4 g6 44. h5 g5 45. g4 fxg4 1/2-1/2

[Event "OLNN 2223 FC St. Pauli II - SK Johanneu"]
[Site "?"]
[Date "2022.11.27"]
[Round "2.2"]
[White "Trisic, Aleksandar"]
[Black "Zart, Ruediger"]
[Result "1-0"]
[WhiteElo "2280"]
[BlackElo "2148"]
[PlyCount "101"]
[EventDate "2022.??.??"]

1. d4 Nf6 2. c4 g6 3. Nc3 d5 4. h4 c6 5. g3 dxc4 6. Bg2 Bg4 7. Nf3 Nbd7 8. Nh2 Be6 9. e4 Nb6 10. a4 a5 11. g4 Bg7 12. h5 Nxg4 13. Nxg4 Bxd4 14. Bf3 Qd6 15. Ne2 Bc5 16. Qxd6 Bxd6 17. Nf4 O-O-O 18. Nxe6 fxe6 19. Bd2 Bb4 20. Bxb4 axb4 21. Be2 gxh5 22. Rxh5 Rd4 23. f3 c3 24. bxc3 bxc3 25. a5 Na4 26. Rc1 Kb8 27. Ne3 Ka7 28. Nd1 Rg8 29. Kf2 Rg7 30. Nxc3 Nb2 31. Ke3 Rb4 32. Rch1 Na4 33. Nxa4 Rxa4 34. Rxh7 Rxh7 35. Rxh7 Rxa5 36. Rxe7 e5 37. Bd3 Kb8 38. f4 exf4+ 39. Kxf4 b5 40. Ke5 c5 41. Kd5 c4 42. Bf1 Ra1 43. Re8+ Kb7 44. Bh3 c3 45. Rc8 Rd1+ 46. Ke5 Rd3 47. Be6 b4 48. Rc4 b3 49. Rb4+ Kc6 50. Bxb3 Rh3 51. Kd4 1-0

[Event "OLNN 2223 FC St. Pauli II - SK Johanneu"]
[Site "?"]
[Date "2022.11.27"]
[Round "2.3"]
[White "Keyser, Robin"]
[Black "Jahncke, Giso"]
[Result "1/2-1/2"]
[WhiteElo "2113"]
[BlackElo "2257"]
[PlyCount "60"]
[EventDate "2022.??.??"]

1. d4 Nf6 2. c4 e6 3. g3 d5 4. Nf3 Bb4+ 5. Bd2 a5 6. Qc2 O-O 7. Bg2 c5 8. Bxb4 axb4 9. cxd5 cxd4 10. Nxd4 Qb6 11. Nb3 exd5 12. O-O Bg4 13. e3 Rc8 14. Qd3 Nc6 15. N1d2 Ne5 16. Qd4 Qd6 17. Rfc1 Rxc1+ 18. Rxc1 Nc6 19. Qb6 Rxa2 20. Qxb7 Nd8 21. Qb5 Rxb2 22. e4 dxe4 23. Nc4 Be2 24. Nxd6 Bxb5 25. Rc8 Rb1+ 26. Nc1 Be8 27. Nxe8 Nxe8 28. Bxe4 Ra1 29. Kg2 Kf8 30. Nd3 Ke7 1/2-1/2

[Event "OLNN 2223 FC St. Pauli II - SK Johanneu"]
[Site "?"]
[Date "2022.11.27"]
[Round "2.4"]
[White "Stenner, Patrick"]
[Black "von Gleich, Alexander"]
[Result "1-0"]
[WhiteElo "2263"]
[BlackElo "2250"]
[PlyCount "47"]
[EventDate "2022.??.??"]

1. e4 d5 2. exd5 Qxd5 3. Nf3 Bg4 4. Be2 Nc6 5. O-O O-O-O 6. Re1 Nf6 7. d3 e5 8. Nc3 Qd7 9. h3 Bf5 10. Bf1 Bc5 11. Na4 Bd6 12. Nc3 h6 13. Ne4 Rhg8 14. c3 Kb8 15. b4 Bxb4 16. Nxf6 gxf6 17. cxb4 Bxh3 18. Re3 Bxg2 19. Bxg2 Qg4 20. Qf1 Nxb4 21. Ne1 f5 22. Rb1 Nd5 23. Rg3 Qd4 24. Be3 1-0

[Event "OLNN 2223 FC St. Pauli II - SK Johanneu"]
[Site "?"]
[Date "2022.11.27"]
[Round "2.5"]
[White "Schroeder, Christoph"]
[Black "Breyther, Ruediger"]
[Result "0-1"]
[WhiteElo "2120"]
[BlackElo "2251"]
[PlyCount "86"]
[EventDate "2022.??.??"]

1. e4 c5 2. Nf3 a6 3. c4 Nc6 4. Nc3 e5 5. Be2 Nf6 6. O-O Be7 7. a3 O-O 8. Rb1 d6 9. b4 Rb8 10. d3 h6 11. Nd5 cxb4 12. axb4 b5 13. cxb5 axb5 14. Nxf6+ Bxf6 15. Be3 Bb7 16. Qb3 Re8 17. Rfc1 Ne7 18. Nd2 d5 19. f3 d4 20. Bf2 Bg5 21. Rc2 Ng6 22. g3 Bc8 23. Qb2 Be6 24. Nb3 Be7 25. Na5 Qd7 26. Rbc1 Rbc8 27. Bd1 Rxc2 28. Rxc2 Rc8 29. Be1 Bg5 30. Rxc8+ Qxc8 31. Qc2 Be3+ 32. Kh1 Qd8 33. Qc5 Qg5 34. Qc2 Bh3 35. Bf2 h5 36. Nb3 h4 37. Qe2 Bg2+ 38. Kg1 Nf4 39. gxf4 exf4 40. Bxe3 Bxf3+ 41. Kf1 Bxe2+ 42. Bxe2 dxe3 43. Nd4 h3 0-1

[Event "OLNN 2223 FC St. Pauli II - SK Johanneu"]
[Site "?"]
[Date "2022.11.27"]
[Round "2.6"]
[White "Priebe, Jan"]
[Black "Wirthgen, Peter"]
[Result "1-0"]
[WhiteElo "2225"]
[BlackElo "2117"]
[PlyCount "69"]
[EventDate "2022.??.??"]

1. e4 c5 2. Nf3 g6 3. d4 cxd4 4. Qxd4 Nf6 5. c4 Nc6 6. Qe3 Bg7 7. Be2 O-O 8. h3 d6 9. O-O Nb4 10. Ne1 e6 11. f4 Bd7 12. Bd2 a5 13. Bc3 Bc6 14. Nd2 Qc7 15. a3 Na6 16. b4 axb4 17. axb4 Bd7 18. e5 Nh5 19. g4 Nxf4 20. Qxf4 dxe5 21. Qe3 f5 22. Nc2 Rae8 23. c5 e4 24. Bxg7 Kxg7 25. Nc4 Bc6 26. Nd6 Re7 27. Bc4 Bd5 28. Qd4+ Kh6 29. Bxd5 exd5 30. Ne3 Ref7 31. gxf5 gxf5 32. Rxf5 Rg7+ 33. Kh1 Qd8 34. Rxf8 Qxf8 35. Nef5+ 1-0

[Event "OLNN 2223 FC St. Pauli II - SK Johanneu"]
[Site "?"]
[Date "2022.11.27"]
[Round "2.7"]
[White "Schueler, Hendrik"]
[Black "Mitscherling, Andreas"]
[Result "1/2-1/2"]
[WhiteElo "2067"]
[BlackElo "2143"]
[PlyCount "33"]
[EventDate "2022.??.??"]

1. d4 d5 2. Nf3 Nf6 3. c4 dxc4 4. g3 c5 5. Nc3 e6 6. Bg2 Nc6 7. Qa4 Bd7 8. Qxc4 cxd4 9. Nxd4 Rc8 10. Nxc6 Bxc6 11. Bxc6+ Rxc6 12. Qb5 Qb6 13. Qxb6 Rxb6 14. O-O Rc6 15. Bd2 Be7 16. Rfc1 O-O 17. Nd1 1/2-1/2

[Event "OLNN 2223 FC St. Pauli II - SK Johanneu"]
[Site "?"]
[Date "2022.11.27"]
[Round "2.8"]
[White "Reuber, Artur"]
[Black "Zobel, Andrej"]
[Result "1-0"]
[WhiteElo "2139"]
[BlackElo "2059"]
[PlyCount "63"]
[EventDate "2022.??.??"]

1. Nf3 d5 2. b4 Qd6 3. a3 e5 4. Bb2 f6 5. e3 Be6 6. Be2 Nh6 7. O-O Be7 8. d3 O-O 9. Nbd2 Nd7 10. c4 c6 11. Qb3 b5 12. c5 Qc7 13. e4 Bf7 14. exd5 Bxd5 15. Qc3 Nf7 16. Bd1 f5 17. Bb3 Bf6 18. Bxd5 cxd5 19. Qb3 Qc6 20. Qd1 Rad8 21. Nb3 Nb8 22. d4 e4 23. Ne5 Bxe5 24. dxe5 Qe8 25. f4 Nc6 26. Nd4 Nxd4 27. Qxd4 Qe6 28. a4 a6 29. axb5 axb5 30. Ra6 Qxa6 31. e6 Ne5 32. e7 1-0

[Event "OLNN 2223 SV Bad Schwartau - Hamburger"]
[Site "?"]
[Date "2022.11.27"]
[Round "2.1"]
[White "Gaede, Derek"]
[Black "Schmid, Thomas"]
[Result "1/2-1/2"]
[WhiteElo "2308"]
[BlackElo "2203"]
[PlyCount "164"]
[EventDate "2022.??.??"]

1. d4 Nf6 2. Nc3 g6 3. e4 d6 4. Be3 Bg7 5. Qd2 O-O 6. O-O-O c6 7. f3 b5 8. Nce2 Nbd7 9. Bh6 Nb6 10. Bxg7 Kxg7 11. Nf4 Qc7 12. g4 e5 13. Nh5+ Nxh5 14. gxh5 Be6 15. Kb1 Rad8 16. f4 f6 17. hxg6 hxg6 18. f5 gxf5 19. Bh3 Rh8 20. Bxf5 Bxf5 21. exf5 Nd5 22. Ne2 Rdg8 23. Rhg1+ Kf8 24. Ng3 Rg4 25. dxe5 dxe5 26. Qe2 Qb6 27. Qf3 Rf4 28. Qd3 Rh3 29. Rge1 Qc5 30. Qd2 Rf2 31. Re2 Rhxh2 32. Rxf2 Qxf2 33. Qd3 Rh3 34. Qa3+ b4 35. Qa6 Rxg3 36. Qxc6 Qd4 37. Qd6+ Ke8 38. Qc6+ Kf8 39. Qd6+ Ke8 40. Qc6+ Kd8 41. Qxd5+ Qxd5 42. Rxd5+ Kc7 43. Kc1 Rf3 44. Rb5 Rf4 45. Kd2 a6 46. Rc5+ Kb6 47. Rd5 Rxf5 48. Rd6+ Kb5 49. Kd3 Rf1 50. Ke4 Rf4+ 51. Kd3 a5 52. c4+ bxc3 53. bxc3 Rf3+ 54. Ke4 Rf2 55. Kd3 a4 56. a3 Rf3+ 57. Ke4 Rxc3 58. Rxf6 Rxa3 59. Kxe5 Rh3 60. Kd4 Kb4 61. Rb6+ Ka3 62. Kc4 Ka2 63. Ra6 a3 64. Rb6 Ka1 65. Rb3 Rh4+ 66. Kc3 Ka2 67. Rb8 Rh2 68. Ra8 Rh7 69. Rb8 Rc7+ 70. Kd2 Ka1 71. Rb6 Rh7 72. Kc2 Rh2+ 73. Kc1 Rb2 74. Ra6 Ka2 75. Ra8 Rb5 76. Rc8 Rb4 77. Rc7 Kb3 78. Kb1 a2+ 79. Ka1 Rh4 80. Rb7+ Ka3 81. Ra7+ Kb3 82. Rb7+ Ka3 1/2-1/2

[Event "OLNN 2223 SV Bad Schwartau - Hamburger"]
[Site "?"]
[Date "2022.11.27"]
[Round "2.2"]
[White "Gressmann, Moritz"]
[Black "Holinka, Henning"]
[Result "0-1"]
[WhiteElo "2139"]
[BlackElo "2249"]
[PlyCount "52"]
[EventDate "2022.??.??"]

1. e4 c5 2. Nc3 d6 3. d4 cxd4 4. Qxd4 Nc6 5. Qd2 g6 6. b3 Bh6 7. f4 e5 8. Nb5 Nd4 9. g3 Bxf4 10. Nxd6+ Qxd6 11. gxf4 Nf6 12. Bb2 Nxe4 13. fxe5 Nxc2+ 14. Qxc2 Qb4+ 15. Ke2 Bf5 16. Ke3 Rc8 17. Qd3 O-O 18. Qd4 Qe7 19. Nf3 Rfd8 20. Qxa7 Qb4 21. Qa4 Rc3+ 22. Bxc3 Qxc3+ 23. Kf4 Rd2 24. Rg1 Rf2 25. Qe8+ Kg7 26. Bg2 Qd2# 0-1

[Event "OLNN 2223 SV Bad Schwartau - Hamburger"]
[Site "?"]
[Date "2022.11.27"]
[Round "2.3"]
[White "Garner, Isaac"]
[Black "Masio, Andreas"]
[Result "1-0"]
[WhiteElo "2226"]
[BlackElo "2051"]
[PlyCount "69"]
[EventDate "2022.??.??"]

1. d4 Nf6 2. c4 g6 3. Nc3 d5 4. h4 Bg7 5. Nf3 c6 6. cxd5 cxd5 7. Bf4 Nc6 8. e3 O-O 9. Be2 Bg4 10. Qb3 Na5 11. Qc2 Rc8 12. Ne5 Bf5 13. Qd1 Qb6 14. Qd2 Nc6 15. Bf3 Rfd8 16. Nxc6 Rxc6 17. Be5 Qa6 18. h5 b5 19. Bxf6 Bxf6 20. Nxd5 Rxd5 21. Bxd5 Rc2 22. Qb4 Bd3 23. Bf3 e5 24. Bd1 Rc4 25. Qd2 Be4 26. O-O exd4 27. Bb3 Rc5 28. exd4 Rxh5 29. f3 Qd6 30. fxe4 Bxd4+ 31. Rf2 Qf6 32. Raf1 Qe5 33. Rd1 Bb6 34. Qc3 Qe7 35. Qf3 1-0